000 00528nam a2200169Ia 4500
008 140527s9999 xx 000 0 und d
020 _a9780194529600
050 _aPE 1128
_b.T817 2006
100 _aTrew, Grant.
245 _aTactics for TOEIC :
_bspeaking and writing tests : key and tapescripts /
_cGrant Trew
260 _aOxford :
_bOxford University Press,
_cc2006.
300 _a263 p. ;
_c28 cm.
521 _aGE
650 _aTest of English for International Communication.
942 _kFOR
_cBK
999 _c117501
_d117501